Computest : microcomputer testing system
Αποθηκεύτηκε σε:
| Μορφή: | Βιβλίο |
|---|---|
| Γλώσσα: | English |
| Δημοσίευση: |
Chicago :
Irwin,
1992
|
| Θέματα: | |
| Ετικέτες: |
Προσθήκη ετικέτας
Δεν υπάρχουν, Καταχωρήστε ετικέτα πρώτοι!
|
MARC
| LEADER | 00000nam a2200000 i 4500 | ||
|---|---|---|---|
| 001 | 1/66874 | ||
| 008 | 980917s1992 eng d | ||
| 035 | |l 10029899 | ||
| 040 | |a GR-MY-UA |b gre |e aacr | ||
| 041 | 0 | |a eng | |
| 082 | 0 | |a 371.2 | |
| 245 | 1 | 0 | |a Computest : |b microcomputer testing system |
| 260 | |a Chicago : |b Irwin, |c 1992 | ||
| 300 | |a vi, 89 p. | ||
| 504 | |a Includes index | ||
| 650 | 0 | 0 | |a Examinations |x Software. |
| 852 | |a INST |b CHIOS |e 19980917 |h 371.271 COM |p 005200015863 |q 005200015863 |t BK |y 0 | ||
| 852 | |a INST |b CHIOS |e 19980917 |h 371.271 COM |p 005200015583 |q 005200015583 |t BK |y 4 |x 20200214 | ||
| 901 | |a BIBL-1998-3 | ||
| 909 | |a Χ |b 058426 | ||
| 909 | |a X |b 058428 | ||
| 909 | |a X |b 058429 | ||
| 922 | |a 2ΕΛΗ |b 199807 |c ΤΔΕ |d ΠΑΠΑΣΩΤΗΡΙΟΥ | ||